000 00683nam a2200205Ii 4500
003 JO-AjNU
008 230605s9999||||xx |||||||||||||| ||und||
017 _a2000/9753
040 _aJO-AjNU
_bara
_erda
_cJO-AjNU
041 _aara
050 1 4 _aQA76.9 2012
100 3 _aخبراء مركز الخبرات المهنية للادارة ,
_eauthor
_944145
245 0 0 _aنظم المعلومات وقواعد البيانات
264 3 1 _aخبراء بمك, ، 2012
300 _a85ص
336 _atext
_btxt
_2rdacontent
337 _aunmediated
_bn
_2rdamedia
338 _avolume
_bnc
_2rdacarrier
650 4 _aنظم المعلومات -قواعد البانات
_944146
999 _aA19036
_c22604
_d22604